Contaminaciones figurativas: imágenes de la arquitectura y la ciudad como figuras de lo moderno

Gespeichert in:
Bibliographische Detailangaben
1. Verfasser: Marchán Fiz, Simón (autor)
Format: Buch
Sprache:Spanisch
Veröffentlicht: Madrid Alianza 1986
Schriftenreihe:Alianza Forma, 55
Schlagworte:
Tags: Tag hinzufügen
Keine Tags, Fügen Sie den ersten Tag hinzu!

MARC

LEADER 00000nam a2200000 a 4500
001 UCO6697
003 CL-VaPUC
008 001027e19860000SP |||||||||||||||||spa|d
082 0 4 |a 754.06  |b MAR  |2 21 
100 |a Marchán Fiz, Simón  |e autor  |9 581999 
245 1 0 |a Contaminaciones figurativas: imágenes de la arquitectura y la ciudad como figuras de lo moderno 
300 |a 285 p 
942 |c BK 
945 |d 20001027 00:00:00  |a crobeson 
260 |a Madrid  |b Alianza  |c 1986 
650 0 |a Pintura moderna  |9 265600 
650 0 |a Vanguardias pictóricas   |9 451535 
650 7 |a PINTURA DE LA ARQUITECTURA  |2 CL-VaPUC  |9 451536 
650 0 |a Estética   |9 264950 
583 |a last modification  |c 20001027 00:00:00  |k Rodrigo Vera 
490 0 |a Alianza Forma, 55 
999 |c 292169  |d 292167 
952 |0 0  |1 0  |2 ddc  |4 0  |6 754_060000000000000_MAR_1986  |7 0  |8 R  |9 342812  |a BIBART  |b BIBART  |d 2019-11-20  |i 3653706  |l 1  |o 754.06 MAR 1986  |p 3653706  |r 2025-03-13  |s 2022-04-29  |w 2019-11-20  |y BK_R  |k ART